| 000 | 00466nam a2200181Ia 4500 | ||
|---|---|---|---|
| 001 | 18212 | ||
| 005 | 20260306171614.0 | ||
| 008 | 260306s9999||||xx |||||||||||||| ||und|| | ||
| 041 | _aESP | ||
| 082 |
_a658.4012 _bT82R |
||
| 100 |
_aTrout, Jack _eAUT |
||
| 245 | 0 |
_aReposicionamiento: _bla estrategia competitiva en una era de hipercompetencia, cambio y crisis |
|
| 260 | _c2011 | ||
| 300 |
_a _c |
||
| 650 | _aGEN | ||
| 654 | _aCAN | ||
| 942 |
_cLIB _dJUS _fJUS _2ddc _n |
||
| 999 |
_c18212 _d18212 |
||